000 00262nam a2200109Ia 4500
008 200302s9999 xx 000 0 und d
100 _aKenneth Frampton
245 _aKengo Kuma Complete Works
260 _bThames and Hudson Ltd.
260 _c2012
300 _a319
999 _c3708
_d3708